Регионална библиотека "Любен Каравелов" - Русе

Организационно поведение (Запис номер 130730)

MARC детайли
000 -Лидер
Контролно поле с фиксирана дължина 02027nam a2200445 c 4500
003 - Код на организацията, давaща контролен номер
Контролно поле BLK
005 - Дата и час на последна редакция
Контролно поле 20250502102432.0
008 - Елементи от данни с фиксирана дължина
fixed length control field 180409b bul|||||r ||||||| ||bul||
010 ## - Наследен системен номер
LC control number KNG00136518000
020 ## - Международен стандартен номер на книга ISBN
Международен стандартен номер на книга ISBN 954-649-979-X
-- издат.: Ciela Soft and Publ.
040 ## - Източник на каталожния запис
Идентификатор на билиотеката - собственик на записа BLK
041 ## - Код за език
Код за езика на текст/звукозапис или на отделно заглавие Български
Код за езика КДБФ Български
072 #7 - Код за тематичната категория
Код организация bullib
Код за тематична категория Н31
Текст Социология Н
080 ## - УДК
Текстов определител УДК Научно управление на обществото. Социални процеси. Социални отношения.
УДК код - определител по УДК 316.43/.47
УДК определител (075.8)
УДК - код + определител 316.43/.47(075.8)
080 ## - УДК
Текстов определител УДК Психология на труда
УДК код - определител по УДК 331:159.9
УДК определител (075.8)
УДК - код + определител 331:159.9(075.8)
080 ## - УДК
Текстов определител УДК Психологически въпроси. Ергономия
УДК код - определител по УДК 005.32
УДК определител (075.8)
УДК - код + определител 005.32(075.8)
100 1# - Редна дума - Автор
Автор Паунов, Марин Александров
Авторска отговорност първи автор
R(LIN) 365409
139 ## - Редно поле
Редна дума Паунов, Марин Александров
Авторски знак Пау - П 29
245 10 - Сведения за заглавието
Заглавие Организационно поведение
Редно поле (дума) Марин Александров Паунов.
250 ## - Област на изданието
Сведения за изданието 3. прераб. и доп. изд.
257 ## - Страна на издаване
Страна на създаване/издаване България
260 ## - Област на издателските данни
-- София
Име на издателя, разпространителя и проч. Ciela Soft and Publ.
Година на издаване 2006
300 ## - Физическа характеристика
Страници 288 с.
Илюстрации и др. с табл., сх.
Размери/Мащаб 23 см
380 ## - Жанр
Жанр Обществени науки
500 ## - Общи забележки
Забележка 1. изд. 1997. - Библиогр. с. 282-287.
650 #4 - Допълнително описание по предмет – тема
Основно описание – тема или топоним Организационно поведение - учебници за ВУЗ
9 (RLIN) 305359
650 #4 - Допълнително описание по предмет – тема
Основно описание – тема или топоним Управление и организация - психологични проблеми
9 (RLIN) 273420
650 #4 - Допълнително описание по предмет – тема
Основно описание – тема или топоним Психология на труда
9 (RLIN) 275167
653 ## - Ключова дума – ненормативна
Ключова дума социално поведение
653 ## - Ключова дума – ненормативна
Ключова дума организационно поведение
653 ## - Ключова дума – ненормативна
Ключова дума психология на труда
653 ## - Ключова дума – ненормативна
Ключова дума ергономия
659 ## - Тематичен бюлетин
Тематичен бюлетин Н
852 ## - Местоположение
Форматна сигнатура Цб 256944
856 4# - Електронен адрес и достъп
Електронен формат pdf - файл
Път до файла /url/
856 4# - Електронен адрес и достъп
Електронен формат pdf - файл
Път до файла /url/
942 ## - АРТИКУЛИ
Вид на библиотечния материал Книги
Скрит в OPAC Не
Koha issues (borrowed), all copies 11
944 ## - СЪЗДАВАНЕ И РЕДАКЦИЯ на ЗАПИСА
Създаване/Редакция Създаване
Дата на регистрацията/редакция 27.11.2012
Статус, дата на статуса Мартин Енчев
Служител, извършил регистрацията/редакцията 30575
944 ## - СЪЗДАВАНЕ И РЕДАКЦИЯ на ЗАПИСА
Създаване/Редакция Редакция
Дата на регистрацията/редакция 03.06.2015
Статус, дата на статуса ф /
Служител, извършил регистрацията/редакцията Виолета_Тройчева
999 ## - СИСТЕМНИ КОНТРОЛНИ НОМЕРА
Koha biblionumber 130730
Koha biblioitemnumber 130730
Наличности
Код за отписване Код за изгубен артикул Код за повреда Коз за рестрикции Код за отдаване Артикулен № Име на библиотеката - собственик Име на библиотеката, в която се намира в момента Статус (Текущо местоположение) Дата на вписване в системата Местоположение - отдел Цена в лева Инвентарен номер Систематично азбучна сигнатура Баркод Номер на екземпляра Цена в евро Служебна бележка Служебен тип на артикула
  Не е изгубен Не е повреден без рестрикции заемане за дома 212822 Регионална библиотека "Любен Каравелов" Русе Регионална библиотека "Любен Каравелов" Русе Заемна - подръчен фонд 2012-11-23 Заемна - подръчен фонд 7.20 120000761340 П 316.4/П 29 120000761340 1 3.68 Дост: Pk Вид: Ф N: 0000105728 Дата: 21.11.2012 Дата инв: 02.02.2018 Бележки инв: П2018 Книги
  Не е изгубен Не е повреден без рестрикции заемане за дома 212823 Регионална библиотека "Любен Каравелов" Русе Регионална библиотека "Любен Каравелов" Русе Заемна - подръчен фонд 2012-11-23 Заемна - подръчен фонд 7.20 120000761341 П 316.4/П 29 120000761341 2 3.68 Дост: Pk Вид: Ф N: 0000105728 Дата: 21.11.2012 Дата инв: 02.02.2018 Бележки инв: П2018 Книги
  Не е изгубен Не е повреден без рестрикции ползва се в читалня 212824 Регионална библиотека "Любен Каравелов" Русе Регионална библиотека "Любен Каравелов" Русе Читалня 2012-11-23 Читалня 7.20 120000761342 Ч 316/П 29 120000761342 3 3.68 Дост: Pk Вид: Ф N: 0000105728 Дата: 21.11.2012 Дата инв: 22.03.2017 Бележки инв: Ч2017 Книги
Vip Innovations Ltd, Rousse, Bulgaria 2025